| 000 | 01079 a2200301 4500 | ||
|---|---|---|---|
| 001 | 200129472 | ||
| 999 |
_c200129472 _d23963 |
||
| 003 | TR-AnTOB | ||
| 005 | 20210405120210.0 | ||
| 008 | 130523e2011 tu 000 0 | ||
| 020 | _a9786055373115 | ||
| 040 | _aTR-AnTOB | ||
| 041 | _atur | ||
| 050 | 0 |
_aJC423 _b.U94 2011 |
|
| 090 | _aJC423 .U94 2011 | ||
| 100 |
_aUygun, Oktay, _d1963- _989762 |
||
| 245 | 0 | 0 |
_aDemokrasi : _bTarihsel siyasal ve felsefi boyutlar / _cOktay Uygun. |
| 264 | 1 |
_aİstanbul: _bXII levha, _c2011. |
|
| 300 |
_axii, 404 p. ; _c22 cm. |
||
| 490 | 0 | _aXII levha yayın no; 200. | |
| 504 | _aIncludes bibliographical references. | ||
| 505 | _a1. Bölüm: Antik demokrasi -- Antik demokrasiden modern demokrasiye geçiş -- 3. Bölüm: Modern demokrasi -- 4. Bölüm: Demokratik anlayışın epistemolojik temeli -- 5. Bölüm: Demokrasinin haklılaştırılması. | ||
| 650 | 0 |
_aDemocracy _xHistory _935417 |
|
| 650 | 7 |
_aDemokrasi _xTarih _2etuturkob _97136 |
|
| 650 | 0 |
_aDemocracy _zTurkey _xTurkey _957484 |
|
| 650 | 0 |
_aDemokrasi _zTürkiye _914275 |
|
| 942 | _cBK | ||